Highest first week sales in the US - Statistics

General Stats
  • This quiz has been taken 5 times
  • The average score is 10 of 20
Answer Stats
Artist Year Answer Amount Sold % Correct
Taylor Swift 2014 1989 1,287,000
80%
Adele 2015 25 3,378,000
80%
Usher 2004 Confessions 1,096,000
60%
Taylor Swift 2022 Midnights 1,140,000
60%
Backstreet Boys 1999 Millennium 1,134,000
60%
*NSYNC 2000 No Strings Attached 2,416,000
60%
Taylor Swift 2012 Red 1,208,000
60%
Taylor Swift 2017 Reputation 1,216,000
60%
Taylor Swift 2025 The Life of a Showgirl 4,002,000
60%
Eminem 2000 The Marshall Mathers LP 1,760,000
60%
50 Cent 2005 The Massacre 1,141,000
60%
Taylor Swift 2023 1989 (Taylor's Version) 1,359,000
40%
Backstreet Boys 2000 Black & Blue 1,591,000
40%
Lady Gaga 2011 Born This Way 1,108,000
40%
*NSYNC 2001 Celebrity 1,878,000
40%
Britney Spears 2000 Oops!...I Did It Again 1,319,000
40%
Eminem 2002 The Eminem Show 1,322,000
40%
Taylor Swift 2024 The Tortured Poets Department 2,610,000
40%
Limp Bizkit 2000 Chocolate Starfish and the Hot Dog Flavored Water 1,055,000
20%
Garth Brooks 1998 Double Live 1,085,000
20%
No matching quizzes found
Score Distribution
Percent of People with Each Score
Percentile by Number Answered
Your Score History
You have not taken this quiz